Vymedzenie charakteru globálnej krízy z pohľadu vybraných ekonomických teórií

Porovnanie vybraných ekonomických teórií z hľadiska ich pohľadu na príčiny vzniku kríz a prepojenie na súčasnú globálnu krízu. Globálna kríza ukázala, že je potrebné prehodnotiť štandardné ekonomické teórie, prípadne vytvoriť novú paradigmu, ktorá by odrážala súčasnú zložitú, dynamickú a globalizova...

Description complète

Enregistré dans:
Détails bibliographiques
Auteur principal: Slušná, Ľubica
Format: Chapitre de livre
Langue:slovaque
Sujets:
Tags: Ajouter un tag
Pas de tags, Soyez le premier à ajouter un tag!

MARC

LEADER 00000nla a2200000 4500
001 0164089
005 20240502072846.1
041 0 |a slo 
044 |a SK 
245 1 0 |a Vymedzenie charakteru globálnej krízy z pohľadu vybraných ekonomických teórií  |c Ľubica Slušná 
520 |a Porovnanie vybraných ekonomických teórií z hľadiska ich pohľadu na príčiny vzniku kríz a prepojenie na súčasnú globálnu krízu. Globálna kríza ukázala, že je potrebné prehodnotiť štandardné ekonomické teórie, prípadne vytvoriť novú paradigmu, ktorá by odrážala súčasnú zložitú, dynamickú a globalizovanú ekonomickú realitu. 
610 2 0 |a kríza 
610 2 0 |a teória kríz 
610 2 0 |a teórie ekonomické 
100 1 |a Slušná, Ľubica